Educación superior : (Record no. 68189)
[ view plain ]
| 000 -LEADER | |
|---|---|
| campo de control de longitud fija | 00950nam a2200205 4500 |
| 001 - NÚMERO DE CONTROL | |
| campo de control | 684 |
| 005 - FECHA Y HORA DE LA ÚLTIMA TRANSACCIÓN | |
| campo de control | 20230410123922.0 |
| 008 - DATOS DE LONGITUD FIJA--INFORMACIÓN GENERAL | |
| campo de control de longitud fija | 060907n1994 dr spa |
| 020 ## - NÚMERO INTERNACIONAL ESTÁNDAR DEL LIBRO | |
| Número Internacional Estándar del Libro | 9681643429 |
| 035 ## - NÚMERO DE CONTROL DEL SISTEMA | |
| -- | funglode688 |
| 041 ## - CÓDIGO DE IDIOMA | |
| Código de lengua del texto/banda sonora o título independiente | ES |
| 050 14 - SIGNATURA TOPOGRÁFICA DE LA BIBLIOTECA DEL CONGRESO | |
| Número de clasificación | LA 428 M521e 1994 |
| 100 ## - ENTRADA PRINCIPAL--NOMBRE DE PERSONA | |
| Nombre de persona | Melgar Adalid, Mario |
| 245 1# - MENCIÓN DEL TÍTULO | |
| Título | Educación superior : |
| Resto del título | propuesta de modernización / |
| Mención de responsabilidad, etc. | Mario Melgar Adalid |
| 260 ## - PUBLICACIÓN, DISTRIBUCIÓN, ETC. | |
| Lugar de publicación, distribución, etc. | México : |
| Nombre del editor, distribuidor, etc. | Fondo de Cultura Económica, |
| Fecha de publicación, distribución, etc. | 1994 |
| 300 ## - DESCRIPCIÓN FÍSICA | |
| Extensión | 281 p. / 21 cm. |
| 440 ## - MENCIÓN DE SERIE/PUNTO DE ACCESO ADICIONAL--TÍTULO | |
| Título | Una visión de la modernización de México |
| 520 ## - RESUMEN, ETC. | |
| Sumario, etc. | Reseña histórica de la educación en México, 11. -- Marco normativo, 63. -- Significación política y social de la educación superior, 89. -- La UNAM como modelo de las universidades públicas mexicanas, 115. -- La necesidad de un diagnóstico de la educación superior, 141. -- La propuesta gubernamental, 161. -- Hacia la universidad del siglo XXI, 191 |
| 942 ## - ELEMENTOS DE ENTRADA SECUNDARIOS (KOHA) | |
| Fuente del sistema de clasificación o colocación | Clasificación de Library of Congress |
| Tipo de ítem Koha | |
| Estatus retirado | Estado de pérdida | Fuente del sistema de clasificación o colocación | Estado de daño | No para préstamo | Colección | Biblioteca de origen | Biblioteca actual | Ubicación en estantería | Fecha de adquisición | Serial enumeration / chronology | Signatura topográfica completa | Código de barras | Visto por última vez | Tipo de ítem Koha |
|---|---|---|---|---|---|---|---|---|---|---|---|---|---|---|
| Clasificación de Library of Congress | Humanidades | Biblioteca Juan Bosch | Biblioteca Juan Bosch | Humanidades (4to. Piso) | 25/10/2018 | 1 | LA 428 M521e 1994 | 00000001825 | 25/10/2018 |
